| 000 | 00476nam a22001817a 4500 | ||
|---|---|---|---|
| 003 | CEME | ||
| 005 | 20210628201806.0 | ||
| 008 | 210216b xxu||||| |||| 00| 0 eng d | ||
| 020 | _a0-19-513613-6 | ||
| 040 | _c. | ||
| 082 | _a621.3192 FRA | ||
| 100 |
_aFranco, Sergio _956856 |
||
| 245 | _aElectric circuits fundamentals | ||
| 260 |
_aNEW YORK _bOXFORD UNIVERSITY PRESS _c1999 |
||
| 300 | _aXX,950P | ||
| 650 |
_aELECTRIC CIRCUITS FUNDAMENTALS _956857 |
||
| 942 |
_cBK _2ddc |
||
| 999 |
_c567189 _d567189 |
||